000 00647cam a2200229 a 4500
001 3314893
005 20180116033205.0
008 840917s1986 enk b 000 0 eng
010 _a 84021366
020 _a0521267900
040 _aDLC
_cDLC
_dOCoLC
_dDLC
041 _aeng
080 _a338.9 MOD
082 0 0 _a338.9 MOD
_219
100 1 _a53
101 _aMEN
245 1 4 _aThe debate over stabilization policy /
_cFranco Modigliani.
504 _aPublications and Collected papers of Franco Modigliani: p. 227-250.
504 _aBibliography: p. 253-262.
906 _a7
_bcbc
_corignew
_d1
_eocip
_f19
_gy-gencatlg
942 _2ddc
_cBK
999 _c40330
_d40330